000 00325nam a2200133Ia 4500
008 190216s9999||||xx |||||||||||||| ||und||
100 _aStephen G Kochan And Patrick H Wood
245 0 _aExploring The Unix System
250 _a1st Ed.
260 _bCbs Publishers
_c1987
300 _a371
650 _aComputer
942 _cBK
999 _c8442
_d8442